| 000 | 00433nam a2200181Ia 4500 | ||
|---|---|---|---|
| 003 | 0STCL | ||
| 008 | 150530s9999 xx 000 0 und d | ||
| 040 |
_aSTCL _cSTCL |
||
| 100 | _aBavakutty, M.;Yahya Haroon, K. | ||
| 245 | _aLibrary Manual | ||
| 250 | _a1 | ||
| 260 |
_bKerala Sahitya Academi; Thrissur _c1981 _aThrissur |
||
| 300 | _a0 | ||
| 546 | _aMalayalam | ||
| 942 |
_2ddc _cBK |
||
| 999 |
_c80145 _d80145 |
||
| 005 | 20220125171734.0 | ||